[Event "Wch Seniors (Women) 31st"]
[Site "Terassini"]
[Date "2023.10.26"]
[Round "2"]
[White "Burchardt, Brigitte"]
[Black "Khropova, Larisa"]
[Result "1/2-1/2"]
[WhiteElo "2124"]
[BlackElo "2054"]
[PlyCount "28"]
[EventDate "2023.10.25"]
[EventType "swiss"]
[EventRounds "11"]
[EventCountry "ITA"]
[SourceTitle "Mega2024 Update 01"]
[Source "Chessbase"]
[SourceDate "2023.11.12"]
[SourceVersion "1"]
[SourceVersionDate "2023.11.12"]
[SourceQuality "1"]

1. e4 c5 2. Nc3 e6 3. g3 d5 4. d3 d4 5. Nce2 e5 6. f4 Nc6 7. Nf3 f6 8. Bg2 Bd6 9. 0-0 Bd7 10. c3 Qb6 11. Kh1 0-0-0 12. Nd2 Be6 13. Qc2 Kb8 14. a3 Qa6 1/2-1/2

[Event "WchT Seniors 65"]
[Site "Struga"]
[Date "2023.09.26"]
[Round "7.1"]
[White "Burchardt, Brigitte"]
[Black "Singer, Hans"]
[Result "1/2-1/2"]
[WhiteElo "2153"]
[BlackElo "2144"]
[PlyCount "53"]
[EventDate "2023.09.19"]
[EventType "team-swiss"]
[EventRounds "9"]
[EventCountry "MKD"]
[SourceTitle "EXT 2024"]
[Source "ChessBase"]
[SourceDate "2023.10.10"]
[SourceVersion "1"]
[SourceVersionDate "2023.10.10"]
[SourceQuality "1"]
[WhiteTeam "Germany 65 (W)"]
[BlackTeam "Austria 65"]
[WhiteTeamCountry "GER"]
[BlackTeamCountry "AUT"]

1. e4 c6 2. Nc3 d5 3. Nf3 Bg4 4. h3 Bxf3 5. Qxf3 e6 6. Be2 Nf6 7. 0-0 Be7 8. Rd1 Nbd7 9. d4 0-0 10. Bf4 Rc8 11. Bd3 dxe4 12. Nxe4 Nxe4 13. Bxe4 Nf6 14. Bd3 Qd5 15. Qe2 Rfd8 16. Be5 c5 17. c4 Qc6 18. dxc5 Bxc5 19. Rab1 a5 20. b3 b6 21. Qb2 h6 22. Qe2 Kf8 23. Bc2 Ke7 24. Bb2 Qc7 25. Be5 Qc6 26. h4 Rxd1+ 27. Rxd1 1/2-1/2

[Event "EU-chT Seniors 65"]
[Site "Swidnica"]
[Date "2023.07.19"]
[Round "8.9"]
[White "Grossmann, Ryszard"]
[Black "Burchardt, Brigitte"]
[Result "1/2-1/2"]
[WhiteElo "1904"]
[BlackElo "2142"]
[PlyCount "178"]
[EventDate "2023.07.12"]
[EventType "team-swiss"]
[EventRounds "9"]
[EventCountry "POL"]
[SourceTitle "CBM 215 Extra"]
[Source "ChessBase"]
[SourceDate "2023.09.30"]
[SourceVersion "1"]
[SourceVersionDate "2023.09.30"]
[SourceQuality "1"]
[WhiteTeam "Lower Silesia 65 II"]
[BlackTeam "Germany (Women) 65"]
[WhiteTeamCountry "POL"]
[BlackTeamCountry "GER"]

1. d4 d5 2. Nf3 Nf6 3. c4 e6 4. a3 a6 5. cxd5 exd5 6. Bf4 Bd6 7. Bxd6 Qxd6 8. e3 0-0 9. Bd3 Re8 10. Nbd2 Nbd7 11. 0-0 c5 12. dxc5 Nxc5 13. Be2 Bd7 14. Nd4 Rac8 15. Rc1 g6 16. N2f3 Nfe4 17. Qe1 Na4 18. Rxc8 Rxc8 19. Qa1 Qc7 20. Bd3 Nec5 21. Be2 Ne4 22. Re1 Bg4 23. h3 Bd7 24. Bd3 Nac5 25. Bf1 Ne6 26. Qa2 Nxd4 27. Nxd4 Qd6 28. Be2 Be6 29. Qb3 Qe7 30. Qb6 Re8 31. Rc1 Qh4 32. Rf1 Nd2 33. Nf3 Nxf3+ 34. Bxf3 Qe7 35. Rc1 Rd8 36. Rc7 Rd7 37. Rc8+ Kg7 38. Qd4+ f6 39. Rc1 Qd6 40. Rd1 Qc7 41. Qd2 Qe5 42. Qd4 Qxd4 43. Rxd4 f5 44. Bd1 Rc7 45. f4 b5 46. Kf2 a5 47. Ke2 Kf6 48. Kd2 Ke7 49. Be2 Rb7 50. b4 a4 51. Bf3 Kd6 52. e4 fxe4 53. Bxe4 Rc7 54. Bd3 Bd7 55. g4 Bc6 56. g5 Rf7 57. Ke3 Re7+ 58. Kf2 Bd7 59. h4 Rf7 60. Be2 Bc6 61. h5 gxh5 62. Bxh5 Rg7 63. Bf3 h6 64. gxh6 Rh7 65. Kg3 Rxh6 66. Rd2 Rg6+ 67. Kf2 Rf6 68. Rd4 Rh6 69. Kg3 Rg6+ 70. Kf2 Rh6 71. Bg2 Rh8 72. Rd2 Rg8 73. Rd3 Rf8 74. Ke3 Re8+ 75. Kd4 Re1 76. Bf3 Rg1 77. Rd1 Rg3 78. Rf1 Bd7 79. Rf2 Rh3 80. Bxd5 Bf5 81. Be4 Bxe4 82. Kxe4 Rxa3 83. f5 Ke7 84. f6+ Kf7 85. Kd4 Rh3 86. Kc5 Rh5+ 87. Kb6 Re5 88. Ka5 Rd5 89. Rf3 Re5 1/2-1/2

[Event "EU-chT Seniors 65"]
[Site "Swidnica"]
[Date "2023.07.17"]
[Round "6.9"]
[White "Burchardt, Brigitte"]
[Black "Vadlja, Stjepan"]
[Result "1-0"]
[WhiteElo "2142"]
[BlackElo "1629"]
[PlyCount "67"]
[EventDate "2023.07.12"]
[EventType "team-swiss"]
[EventRounds "9"]
[EventCountry "POL"]
[SourceTitle "CBM 215 Extra"]
[Source "ChessBase"]
[SourceDate "2023.09.30"]
[SourceVersion "1"]
[SourceVersionDate "2023.09.30"]
[SourceQuality "1"]
[WhiteTeam "Germany (Women) 65"]
[BlackTeam "Mursko Sredisce 65"]
[WhiteTeamCountry "GER"]
[BlackTeamCountry "CRO"]

1. e4 e5 2. Bc4 Nf6 3. d3 Be7 4. Nf3 d6 5. h3 0-0 6. Nc3 c6 7. Bb3 Nbd7 8. a3 Nc5 9. Ba2 Be6 10. Bb1 h6 11. 0-0 Nh7 12. d4 exd4 13. Nxd4 Bc4 14. Re1 Bg5 15. Be3 Bf6 16. Nf5 Bxc3 17. bxc3 Nxe4 18. Qd4 Qf6 19. Qxe4 Bd5 20. Ne7+ Kh8 21. Nxd5 cxd5 22. Qd3 Rfe8 23. Ba2 Rac8 24. Bd4 Qg5 25. Bxd5 Nf6 26. Bxf7 Rf8 27. Qg6 Qf4 28. Re7 Qg5 29. Qxg5 hxg5 30. Bg6 d5 31. Rxb7 Rcd8 32. Rxa7 Rd7 33. Rxd7 Nxd7 34. Rb1 1-0

[Event "EU-chT Seniors 65"]
[Site "Swidnica"]
[Date "2023.07.12"]
[Round "1.2"]
[White "Burchardt, Brigitte"]
[Black "Ftacnik, Lubomir"]
[Result "1/2-1/2"]
[WhiteElo "2142"]
[BlackElo "2457"]
[PlyCount "56"]
[EventDate "2023.07.12"]
[EventType "team-swiss"]
[EventRounds "9"]
[EventCountry "POL"]
[SourceTitle "CBM 215 Extra"]
[Source "ChessBase"]
[SourceDate "2023.09.30"]
[SourceVersion "1"]
[SourceVersionDate "2023.09.30"]
[SourceQuality "1"]
[WhiteTeam "Germany (Women) 65"]
[BlackTeam "Slovakia 65"]
[WhiteTeamCountry "GER"]
[BlackTeamCountry "SVK"]

1. e4 c5 2. Nc3 d6 3. g3 Nc6 4. Bg2 g6 5. d3 Bg7 6. Be3 Rb8 7. Qd2 b5 8. Nge2 Nd4 9. 0-0 b4 10. Nd1 a5 11. c3 Nxe2+ 12. Qxe2 Ba6 13. Re1 e5 14. Qd2 Nf6 15. Bg5 0-0 16. c4 Bc8 17. a3 Be6 18. a4 Qd7 19. Ne3 h6 20. Bxf6 Bxf6 21. Nd5 Bg7 22. Rf1 Kh7 23. b3 f5 24. Ra2 Rf7 25. exf5 gxf5 26. f4 Re8 27. Qd1 Rff8 28. Kh1 exf4 1/2-1/2

[Event "German Masters (Women)"]
[Site "Darmstadt"]
[Date "2022.04.25"]
[Round "4"]
[White "Heinemann, Josefine"]
[Black "Burchardt, Brigitte"]
[Result "1-0"]
[WhiteElo "2292"]
[BlackElo "2079"]
[PlyCount "97"]
[EventDate "2022.04.22"]
[EventType "tourn"]
[EventRounds "9"]
[EventCountry "GER"]
[EventCategory "2"]
[SourceTitle "CBM 208 Extra"]
[Source "ChessBase"]
[SourceDate "2022.07.31"]
[SourceVersion "1"]
[SourceVersionDate "2022.07.31"]
[SourceQuality "1"]

1. e4 c5 2. Nf3 d6 3. d4 cxd4 4. Nxd4 Nf6 5. Nc3 a6 6. Be3 e5 7. Nb3 Be7 8. f3 Be6 9. Qd2 Nbd7 10. g4 Rc8 11. g5 Nh5 12. 0-0-0 b5 13. Kb1 Qc7 14. Nd5 Bxd5 15. exd5 0-0 16. Bh3 Nf4 17. Bxf4 exf4 18. Rhg1 Rcd8 19. Bxd7 Rxd7 20. Qxf4 g6 21. Nd4 Qc4 22. Qg4 Rc7 23. Nc6 Qxg4 24. Rxg4 h5 25. Rg2 Rd7 26. Re1 Bd8 27. f4 Kg7 28. c3 Bb6 29. Kc2 a5 30. Kd3 Ra8 31. Rge2 Bc5 32. Re8 Rxe8 33. Rxe8 b4 34. c4 a4 35. b3 axb3 36. axb3 f6 37. gxf6+ Kxf6 38. Ke4 Kg7 39. h3 Rf7 40. Re7 Rxe7+ 41. Nxe7 Kf6 42. Nc6 g5 43. Nb8 Bf2 44. Na6 Be1 45. fxg5+ Kxg5 46. c5 dxc5 47. d6 Kf6 48. Nxc5 Kf7 49. Kd5 1-0

[Event "BL2 Ost 2122 (Women)"]
[Site "Germany"]
[Date "2022.03.20"]
[Round "5.1"]
[White "Arnhold, Steffi"]
[Black "Burchardt, Brigitte"]
[Result "1-0"]
[WhiteElo "2100"]
[BlackElo "2085"]
[PlyCount "81"]
[EventDate "2021.11.27"]
[EventType "team-tourn"]
[EventRounds "7"]
[EventCountry "GER"]
[SourceTitle "EXT 2023"]
[Source "ChessBase"]
[SourceDate "2022.10.05"]
[SourceVersion "1"]
[SourceVersionDate "2022.10.05"]
[SourceQuality "1"]
[WhiteTeam "Bavaria Regensburg (W)"]
[BlackTeam "Rotation Pankow (W)"]
[WhiteTeamCountry "GER"]
[BlackTeamCountry "GER"]

1. e4 c5 2. Nf3 d6 3. d4 cxd4 4. Nxd4 Nf6 5. Nc3 a6 6. Bg5 Nbd7 7. Qe2 h6 8. Bd2 Qb6 9. Nb3 e6 10. g3 Be7 11. Bg2 Qc7 12. 0-0 Nb6 13. Rae1 Bd7 14. f4 0-0 15. Kh1 Rfe8 16. g4 d5 17. e5 Nh7 18. g5 g6 19. gxh6 Kh8 20. Nd4 Bc6 21. Qf2 Bc5 22. Nxe6 fxe6 23. Qxc5 Nc8 24. Ne2 Ne7 25. Nd4 Nf5 26. Nxf5 gxf5 27. Rg1 Rg8 28. Bf3 Qf7 29. Qf2 Rg6 30. Rxg6 Qxg6 31. Qh4 Rg8 32. Be3 d4 33. Bxc6 bxc6 34. Rg1 Qe8 35. Rxg8+ Qxg8 36. Bxd4 Qe8 37. Bc5 Qd7 38. Bd6 c5 39. Qf2 c4 40. Qg2 Nf8 41. Qa8 1-0

[Event "GER-ch (Women)"]
[Site "Magdeburg"]
[Date "2021.07.27"]
[Round "4"]
[White "Burchardt, Brigitte"]
[Black "Koepke, Elena"]
[Result "0-1"]
[WhiteElo "2113"]
[BlackElo "2277"]
[PlyCount "179"]
[EventDate "2021.07.25"]
[EventType "swiss"]
[EventRounds "9"]
[EventCountry "GER"]
[SourceTitle "CBM 203 Extra"]
[Source "ChessBase"]
[SourceDate "2021.09.30"]
[SourceVersion "1"]
[SourceVersionDate "2021.09.30"]
[SourceQuality "1"]

1. e4 e5 2. Bc4 Nf6 3. d3 c6 4. Nf3 Be7 5. 0-0 d6 6. h3 0-0 7. Bb3 Nbd7 8. c3 d5 9. Qe2 Qc7 10. Re1 dxe4 11. dxe4 Nc5 12. Bc2 a5 13. b3 b6 14. Nbd2 Ba6 15. Nc4 Nfd7 16. Be3 b5 17. Nb2 Ne6 18. Red1 Rfd8 19. Qe1 c5 20. a4 b4 21. Bd3 Bb7 22. Rac1 bxc3 23. Qxc3 Bf6 24. Qe1 Bc6 25. Bd2 Rdb8 26. Nc4 Rxb3 27. Bc2 Rxf3 28. gxf3 Nd4 29. Kg2 Nxc2 30. Rxc2 Bxa4 31. Bxa5 Qa7 32. Rcd2 Bxd1 33. Qxd1 Nf8 34. Bc3 h6 35. f4 Qa6 36. Nxe5 Bxe5 37. Bxe5 Qg6+ 38. Qg4 Qxe4+ 39. Kh2 Ng6 40. f3 Qb4 41. Rg2 Qc4 42. h4 Ra2 43. Qc8+ Kh7 44. Rxa2 Qxa2+ 45. Kg3 Nxe5 46. fxe5 Qd5 47. Qf5+ g6 48. Qf6 h5 49. Qf4 c4 50. Qe3 Kg8 51. Qc3 Kf8 52. Kf4 Qc5 53. Ke4 Ke7 54. f4 Ke6 55. Qh3+ Ke7 56. Qc3 Ke6 57. Qh3+ f5+ 58. exf6+ Kxf6 59. Qc3+ Ke6 60. Qh3+ Kd6 61. Qc3 Qd5+ 62. Ke3 Ke6 63. Kf2 Kf5 64. Qh3+ Kf6 65. Qc3+ Ke6 66. Qe3+ Kf7 67. Qa7+ Kf6 68. Qe3 Qe6 69. Qc3+ Kf7 70. Qd4 Kg8 71. Qd8+ Kg7 72. Qd4+ Kg8 73. Qd8+ Kh7 74. Qc7+ Kg8 75. Qd8+ Kf7 76. Qd4 Ke7 77. Qc5+ Kd7 78. Qa7+ Kc6 79. Qa6+ Kd5 80. Qa5+ Ke4 81. Qd2 Qb6+ 82. Ke2 Qd4 83. Qc1 Qd3+ 84. Kf2 c3 85. Qh1+ Kxf4 86. Qh2+ Kf5 87. Qc7 Qd4+ 88. Kg2 Qe4+ 89. Kg1 Qg4+ 90. Kh2 0-1

[Event "GER-ch (Women)"]
[Site "Magdeburg"]
[Date "2021.07.26"]
[Round "2"]
[White "Muedder, Melanie"]
[Black "Burchardt, Brigitte"]
[Result "1-0"]
[WhiteElo "1950"]
[BlackElo "2113"]
[PlyCount "59"]
[EventDate "2021.07.25"]
[EventType "swiss"]
[EventRounds "9"]
[EventCountry "GER"]
[SourceTitle "CBM 203 Extra"]
[Source "ChessBase"]
[SourceDate "2021.09.30"]
[SourceVersion "1"]
[SourceVersionDate "2021.09.30"]
[SourceQuality "1"]

1. e4 c5 2. Nf3 d6 3. d4 cxd4 4. Nxd4 Nf6 5. Nc3 a6 6. h3 e5 7. Nde2 Be6 8. g4 Be7 9. Bg2 Nc6 10. Ng3 g6 11. Be3 Rc8 12. g5 Nd7 13. h4 Na5 14. Qf3 Nb6 15. Rd1 Nac4 16. Bc1 Na5 17. Bh3 Bxh3 18. Rxh3 Nc6 19. Nge2 Rf8 20. Qg3 f5 21. exf5 Rxf5 22. Qg4 Rf8 23. Rhd3 Qd7 24. Qxd7+ Kxd7 25. a3 Kc7 26. Be3 Nc4 27. Nd5+ Kd8 28. Bc1 e4 29. Rc3 Rf7 30. Rxc4 1-0

[Event "Leipzig GER Masters-ch rapid"]
[Site "Leipzig"]
[Date "2020.10.03"]
[Round "4"]
[White "Burchardt, Brigitte"]
[Black "Just, Gabriele"]
[Result "1-0"]
[WhiteElo "2067"]
[BlackElo "1837"]
[PlyCount "133"]
[EventDate "2020.10.03"]
[EventType "swiss (rapid)"]
[EventRounds "5"]
[EventCountry "GER"]
[SourceTitle "CBM 198 Extra"]
[Source "ChessBase"]
[SourceDate "2020.11.30"]
[SourceVersion "1"]
[SourceVersionDate "2020.11.30"]
[SourceQuality "1"]

1. e4 e6 2. d4 d5 3. Nd2 Nc6 4. Ngf3 Nf6 5. e5 Nd7 6. c3 f6 7. exf6 Qxf6 8. Bb5 Bd6 9. Nf1 0-0 10. Bg5 Qf7 11. Qd2 e5 12. dxe5 Ncxe5 13. Nxe5 Nxe5 14. Ne3 c6 15. Ba4 Be6 16. 0-0 Qh5 17. f4 Ng4 18. Nxg4 Bxg4 19. Rae1 Rae8 20. h3 Bd7 21. Bd1 Qg6 22. Bc2 Qh5 23. Bd1 Qf7 24. Rxe8 Rxe8 25. Bc2 Bf5 26. Bxf5 Qxf5 27. Bh4 Qh5 28. Bg3 g5 29. Qd4 Re4 30. Qf6 Qg6 31. Qd8+ Re8 32. Qd7 Re7 33. Qc8+ Qe8 34. Qxe8+ Rxe8 35. h4 h6 36. hxg5 hxg5 37. Rf3 g4 38. Rf2 Re1+ 39. Kh2 Kf7 40. Rd2 Kf6 41. Bxe1 Bxf4+ 42. g3 Bxd2 43. Bxd2 Kf5 44. Be3 b6 45. b4 Ke4 46. Bd4 Kd3 47. a4 Kc4 48. Kg2 c5 49. bxc5 bxc5 50. Bf6 d4 51. cxd4 cxd4 52. Kf2 Kd3 53. a5 a6 54. Be5 Ke4 55. Bf4 Kd3 56. Ke1 Kc2 57. Bg5 Kd3 58. Kd1 Kc3 59. Ke2 Kc4 60. Kd2 Kb5 61. Bd8 Kc4 62. Bb6 d3 63. Bd8 Kd4 64. Bg5 Kc4 65. Bf6 Kb5 66. Bd8 Kc4 67. Bb6 1-0

[Event "Leipzig GER Masters-ch rapid"]
[Site "Leipzig"]
[Date "2020.10.03"]
[Round "3"]
[White "Kunze, Kerstin"]
[Black "Burchardt, Brigitte"]
[Result "1-0"]
[WhiteElo "2037"]
[BlackElo "2067"]
[PlyCount "69"]
[EventDate "2020.10.03"]
[EventType "swiss (rapid)"]
[EventRounds "5"]
[EventCountry "GER"]
[SourceTitle "CBM 198 Extra"]
[Source "ChessBase"]
[SourceDate "2020.11.30"]
[SourceVersion "1"]
[SourceVersionDate "2020.11.30"]
[SourceQuality "1"]

1. e4 c5 2. Nf3 d6 3. d4 cxd4 4. Qxd4 Nc6 5. Bb5 Bd7 6. Bxc6 Bxc6 7. c4 Nf6 8. Nc3 g6 9. 0-0 Bg7 10. Qd3 0-0 11. Nd4 Rc8 12. b3 Nd7 13. Bb2 Ne5 14. Qd2 Bd7 15. Rad1 a6 16. Nd5 Bg4 17. f3 Be6 18. h3 Nc6 19. Nxe6 fxe6 20. Bxg7 Kxg7 21. Nf4 Qb6+ 22. Kh2 Rf6 23. Nd3 e5 24. Nf2 Nd4 25. Ng4 Rf4 26. g3 Rxf3 27. Qh6+ Kg8 28. Rxf3 Nxf3+ 29. Kg2 Nd4 30. Rf1 Qb4 31. Qg5 Ne6 32. Nh6+ Kh8 33. Nf7+ Kg7 34. Qh6+ Kg8 35. Qh4 1-0

[Event "GER-ch (Women)"]
[Site "Magdeburg"]
[Date "2020.08.18"]
[Round "4"]
[White "Burchardt, Brigitte"]
[Black "Dietrich, Mareike"]
[Result "1-0"]
[WhiteElo "2091"]
[BlackElo "1699"]
[PlyCount "77"]
[EventDate "2020.08.16"]
[EventType "swiss"]
[EventRounds "9"]
[EventCountry "GER"]
[SourceTitle "CBM 197 Extra"]
[Source "ChessBase"]
[SourceDate "2020.09.30"]
[SourceVersion "1"]
[SourceVersionDate "2020.09.30"]
[SourceQuality "1"]

1. e4 c5 2. b3 d5 3. exd5 Qxd5 4. Nc3 Qe5+ 5. Qe2 Qxe2+ 6. Bxe2 Nf6 7. Bf3 Na6 8. a3 e6 9. Bb2 Nc7 10. Nge2 Rb8 11. 0-0-0 Bd6 12. Ng3 0-0 13. Nge4 Be7 14. d4 cxd4 15. Rxd4 Ncd5 16. Nxd5 Nxd5 17. c4 Nf6 18. Nd6 Rd8 19. Rhd1 Kf8 20. h3 b6 21. Nb5 Rxd4 22. Nxd4 Bd7 23. Nc6 Bxc6 24. Bxc6 Rc8 25. Bb5 Ne4 26. f3 Nc5 27. b4 a6 28. bxc5 axb5 29. cxb6 Rb8 30. cxb5 Rxb6 31. a4 Bg5+ 32. Kc2 Ke7 33. Kb3 Bf4 34. Bd4 Rb7 35. Bc5+ Ke8 36. Kc4 Bc7 37. Rb1 Kd7 38. b6 Bd6 39. Rd1 1-0

[Event "GER-ch (Women)"]
[Site "Magdeburg"]
[Date "2020.08.18"]
[Round "3"]
[White "Voicu Jagodzinsky, Carmen"]
[Black "Burchardt, Brigitte"]
[Result "1/2-1/2"]
[WhiteElo "2244"]
[BlackElo "2091"]
[PlyCount "53"]
[EventDate "2020.08.16"]
[EventType "swiss"]
[EventRounds "9"]
[EventCountry "GER"]
[SourceTitle "CBM 197 Extra"]
[Source "ChessBase"]
[SourceDate "2020.09.30"]
[SourceVersion "1"]
[SourceVersionDate "2020.09.30"]
[SourceQuality "1"]

1. Nf3 d5 2. c4 e6 3. b3 Nf6 4. Bb2 Be7 5. g3 0-0 6. Bg2 a5 7. 0-0 a4 8. d3 axb3 9. axb3 Rxa1 10. Bxa1 b6 11. Nc3 Bb7 12. Qc2 Na6 13. Na2 Nb4 14. Nxb4 Bxb4 15. Ne5 Re8 16. Rd1 Bf8 17. Bb2 c5 18. d4 Qb8 19. cxd5 exd5 20. e3 cxd4 21. exd4 Bd6 22. Qf5 Qc8 23. Qd3 Ba6 24. Qb1 Bb7 25. Qd3 Ba6 26. Qb1 Bb7 27. Qd3 1/2-1/2

[Event "WchT Seniors 65"]
[Site "Prague"]
[Date "2020.03.09"]
[Round "4.18"]
[White "Nyrhinen, Harri"]
[Black "Burchardt, Brigitte"]
[Result "1/2-1/2"]
[WhiteElo "1985"]
[BlackElo "2075"]
[PlyCount "103"]
[EventDate "2020.03.06"]
[EventType "team-swiss"]
[EventRounds "7"]
[EventCountry "CZE"]
[SourceTitle "CBM 195 Extra"]
[Source "ChessBase"]
[SourceDate "2020.05.31"]
[SourceVersion "1"]
[SourceVersionDate "2020.05.31"]
[SourceQuality "1"]
[WhiteTeam "Finland 65"]
[BlackTeam "Germany 65 (W)"]
[WhiteTeamCountry "FIN"]
[BlackTeamCountry "GER"]

1. e4 c5 2. c3 d5 3. exd5 Qxd5 4. d4 Nf6 5. Nf3 Bg4 6. Be2 e6 7. h3 Bf5 8. 0-0 Nc6 9. Be3 Be7 10. c4 Qd8 11. dxc5 Qxd1 12. Rxd1 Nd7 13. Nc3 Nxc5 14. Nb5 0-0 15. Nd6 b6 16. Nxf5 exf5 17. Nd4 Nxd4 18. Bxd4 Rfd8 19. Bf3 Rac8 20. Bd5 Bd6 21. Re1 Re8 22. Kf1 Ne6 23. Be5 Bxe5 24. Rxe5 Nd4 25. Rae1 Rxe5 26. Rxe5 Kf8 27. b3 f6 28. Re1 Re8 29. Rd1 Nc2 30. g3 Rd8 31. Bf3 Rxd1+ 32. Bxd1 Nb4 33. a3 Nc6 34. Ke2 Ke7 35. Ke3 Kd6 36. f4 a5 37. Bf3 Ne7 38. Kd4 g5 39. b4 axb4 40. axb4 gxf4 41. gxf4 Ng6 42. Ke3 Nh4 43. Bb7 Kc7 44. Bd5 Kd6 45. Ba8 Ng6 46. Kf3 h5 47. Bd5 h4 48. Bf7 Ne7 49. Ke3 Nc6 50. b5 Na5 51. Kd3 Nb3 52. Bd5 1/2-1/2

[Event "Berlin-ch Seniors op 36th"]
[Site "Berlin"]
[Date "2020.01.28"]
[Round "1.9"]
[White "Schindler, Rudolf"]
[Black "Burchardt, Brigitte"]
[Result "0-1"]
[WhiteElo "1768"]
[BlackElo "2091"]
[PlyCount "124"]
[EventDate "2020.01.28"]
[EventType "swiss"]
[EventRounds "9"]
[EventCountry "GER"]
[SourceTitle "EXT 2024"]
[Source "ChessBase"]
[SourceDate "2023.10.10"]
[SourceVersion "1"]
[SourceVersionDate "2023.10.10"]
[SourceQuality "1"]

1. e4 c5 2. Nf3 d6 3. Be2 Nf6 4. d3 g6 5. 0-0 Bg7 6. c3 0-0 7. Nbd2 Nc6 8. a4 a6 9. Nc4 Be6 10. Qc2 Rb8 11. e5 Ne8 12. exd6 Nxd6 13. Bf4 Rc8 14. Ng5 Nxc4 15. dxc4 Bf5 16. Ne4 Ne5 17. Rfd1 Qb6 18. Rd5 Nd7 19. Rxf5 gxf5 20. Ng5 Qf6 21. Bd3 e6 22. Nf3 h6 23. Re1 Rfe8 24. Bg3 Qd8 25. Rd1 Qe7 26. Qe2 Nf8 27. Bc2 Rcd8 28. Re1 Ng6 29. h3 a5 30. Kh1 Qd7 31. Rd1 Qc8 32. Re1 e5 33. Nh4 Nxh4 34. Bxh4 Rd6 35. Qh5 e4 36. Rd1 Rxd1+ 37. Qxd1 Qe6 38. Qh5 b6 39. Bg3 Qg6 40. Qe2 Qg5 41. Bc7 Qc1+ 42. Qd1 Qxd1+ 43. Bxd1 Be5 44. Bxe5 Rxe5 45. Kg1 Kg7 46. Kf1 Kf6 47. f4 exf3 48. Bxf3 Kg5 49. Kf2 h5 50. Bd5 Kf4 51. Bf3 Re7 52. Bd5 Rd7 53. b3 Rd8 54. Ke2 Kg3 55. Bf3 Re8+ 56. Kd2 Kf2 57. Bd5 Re2+ 58. Kd3 Re3+ 59. Kd2 Rg3 60. b4 Rxg2 61. Bxg2 Kxg2 62. Ke3 Kg3 0-1

[Event "Wch Seniors 65 (Women) 29th"]
[Site "Bucharest"]
[Date "2019.11.22"]
[Round "10"]
[White "Burchardt, Brigitte"]
[Black "Titorenko, Natalia I"]
[Result "0-1"]
[WhiteElo "2082"]
[BlackElo "2135"]
[PlyCount "84"]
[EventDate "2019.11.12"]
[EventType "swiss"]
[EventRounds "11"]
[EventCountry "ROU"]
[SourceTitle "CBM 193 Extra"]
[Source "ChessBase"]
[SourceDate "2020.01.31"]
[SourceVersion "1"]
[SourceVersionDate "2020.01.31"]
[SourceQuality "1"]

1. e4 c5 2. Nc3 Nc6 3. g3 g6 4. Bg2 Bg7 5. d3 d6 6. Be3 Rb8 7. Qd2 b5 8. f4 b4 9. Nd1 Bd7 10. Nh3 h5 11. Ng5 h4 12. gxh4 Rxh4 13. Qf2 Rh8 14. e5 dxe5 15. Nxf7 Kxf7 16. fxe5+ Bf5 17. Bxc6 Bxe5 18. Bxc5 Qc7 19. Bf3 Rxh2 20. Qe3 Bf4 21. Rxh2 Bxe3 22. Rh7+ Ke6 23. Bxe3 Nf6 24. Rh1 Qxc2 25. d4 Be4 26. Rc1 Qa4 27. Bxe4 Nxe4 28. Rg1 Kf7 29. Rf1+ Nf6 30. Bf4 Rb7 31. Be5 Qxa2 32. Rc6 Qd5 33. Rc5 Qe6 34. Ne3 Ke8 35. Rc2 Qh3 36. Re2 Kd7 37. Bxf6 exf6 38. Rxf6 Rb6 39. Rf7+ Ke6 40. Rff2 Ra6 41. Nc4+ Kd5 42. Re5+ Kxc4 0-1

[Event "Wch Seniors 65 (Women) 29th"]
[Site "Bucharest"]
[Date "2019.11.19"]
[Round "7"]
[White "Dotan, Valeria"]
[Black "Burchardt, Brigitte"]
[Result "0-1"]
[WhiteElo "1873"]
[BlackElo "2082"]
[PlyCount "84"]
[EventDate "2019.11.12"]
[EventType "swiss"]
[EventRounds "11"]
[EventCountry "ROU"]
[SourceTitle "CBM 193 Extra"]
[Source "ChessBase"]
[SourceDate "2020.01.31"]
[SourceVersion "1"]
[SourceVersionDate "2020.01.31"]
[SourceQuality "1"]

1. Nf3 d5 2. d4 Nf6 3. c4 e6 4. Nc3 c6 5. e3 Nbd7 6. Bd3 dxc4 7. Bxc4 b5 8. Bd3 a6 9. e4 c5 10. d5 e5 11. 0-0 c4 12. Bc2 Bd6 13. h3 0-0 14. Ne2 Nc5 15. Ng3 a5 16. a3 Rb8 17. Be3 Qc7 18. Bd2 Bd7 19. Re1 Rfc8 20. Rc1 Qa7 21. Nh2 b4 22. axb4 axb4 23. Ra1 Qb6 24. Qf3 Bf8 25. Ng4 Nxg4 26. hxg4 Ra8 27. Rxa8 Rxa8 28. Be3 Ra2 29. Rb1 Qa6 30. Qe2 Bb5 31. Bxc5 Bxc5 32. Qd2 b3 33. Bd1 Bd4 34. Qb4 g6 35. Qe7 Qb6 36. Kh2 Ra7 37. Qg5 f6 38. Qh6 Bxf2 39. Bf3 Be3 40. Qh3 Bf4 41. Kh1 c3 42. bxc3 b2 0-1

[Event "Wch Seniors 65 (Women) 29th"]
[Site "Bucharest"]
[Date "2019.11.16"]
[Round "5"]
[White "Fatalibekova, Elena"]
[Black "Burchardt, Brigitte"]
[Result "1/2-1/2"]
[WhiteElo "2152"]
[BlackElo "2082"]
[PlyCount "43"]
[EventDate "2019.11.12"]
[EventType "swiss"]
[EventRounds "11"]
[EventCountry "ROU"]
[SourceTitle "CBM 193 Extra"]
[Source "ChessBase"]
[SourceDate "2020.01.31"]
[SourceVersion "1"]
[SourceVersionDate "2020.01.31"]
[SourceQuality "1"]

1. d4 d5 2. Nf3 Nf6 3. c4 e6 4. Nc3 c6 5. e3 Bd6 6. Bd3 Nbd7 7. 0-0 Qe7 8. e4 dxe4 9. Nxe4 Nxe4 10. Bxe4 Nf6 11. Bc2 Bd7 12. Qe2 c5 13. dxc5 Bxc5 14. Ne5 0-0 15. Bg5 Rfd8 16. Rad1 Bc6 17. Nxc6 bxc6 18. Qf3 Bd4 19. Qxc6 Rac8 20. Qf3 Bxb2 21. Rb1 Bd4 22. Bd3 1/2-1/2